Former Flags of the Middle East Countries/Territories - Statistics

General Stats
  • This quiz has been taken 60 times
  • The average score is 8 of 13
Answer Stats
Picture Answer % Correct
Qatar
100%
Imamate of Oman
97%
Persia
97%
Kingdom of Hejaz and Nejd
91%
Kuwait
82%
Ottoman Empire
82%
Kingdom of Iraq
79%
South Yemen (People's Democratic Republic of Yemen)
67%
Kingdom of Jerusalem (Latin Kingdom)
55%
Trucial State
36%
Federation of South Arabia
24%
Jabal Shammar (Ha'il)
24%
Ummayad Caliphate
9%
No matching quizzes found
Score Distribution
Percent of People with Each Score
Percentile by Number Answered
Your Score History
You have not taken this quiz